000 01105nam a2200265Ia 4500
003 OSt
005 20221005111456.0
006 a|||||r|||| 00| 0
007 ta
008 221004b |||||||| |||| 00| 0 hin d
020 _a97881073093616 (pbk)
_c275
024 _a11019
037 _b1155, 21/03/2014, Anamika Publishers & Distributors Pvt. Ltd.
_cTextual
040 _aCRL
_cCRL
_bhin
041 _2hin
_ahin
082 _aV2:25xM89w, 152L7;Q3
100 _aनेहरू, जवाहरलाल
245 0 _aमेरी कहानी
_b एक यशस्वी जीवन की गाथा
246 _aMerī kahānī: ek yashasvī jīvan kī gāthā
260 _aनई दिल्ली
_bसस्ता साहित्य मण्डल प्रकाशन भारत
_c2013
300 _a726पृ0
_ccm.
650 _aविश्व-इतिहास
942 _hV2:25xM89w, 152L7;Q3
_cTEXL
_2cc
999 _c1021953
_d1021953